LEADER 01180nam a2200289 a 4500 001 000000137496 003 CaOOAMICUS 005 20140225134732.0 008 140225s1996 it u000 u ita r 020 $a88-7989-216-9 040 $aPUL$bita 100 1 $aPapuzzi, Alberto.$0(OLS)http://pul/name/43857 245 10$aManuale del giornalista :$btecniche e regole di un mestiere /$cAlberto Papuzzi. 250 $aNuova ed. riveduta e ampliata. 260 $aRoma :$bDonzelli,$c1996. 300 $aXL, 222 p. ;$c21 cm 490 1 $aSaggi. Storia e scienze sociali 504 $aBibliografia in nota. 650 4$aGiornalismo.$0(OLS)http://pul/subject/19517 830 0$aSaggi.$pStoria e scienze sociali.$0(OLS)http://pul/title/174078 850 $aPUL 852 $aPUL$W1$xDP1 Fondo E. Rossi$y115$m6 A 95$j158504$qFondi$B158021$CPULBib$Z2$F158021 $82 941 1 $a1 961 $aSul dorso collocazione ms. di E. Rossi: Com G P 3 996 $6020$a88-7989-216-9$9(OLS)http://pul/number/154601 996 $6245$aManuale del giornalista :$btecniche e regole di un mestiere$9(OLS)http://pul/title/174077 996 $6260$aRoma :$bDonzelli$9(OLS)http://pul/publisher/60096 LEADER 01245nam a2200265 a 4500 001 000000164569 003 CaOOAMICUS 005 20171124100653.0 008 171124s1964 sp 001 0 spa r 032 $aLibriCat 040 $aPUL$bita 100 1 $aWorek, Joseph A.$0(OLS)http://pul/name/105822 245 10$aDoctrina Gregorii Ariminensis de necessitate gratiae ad actus moraliter bonos /$cJoseph A. Worek, o.s.a. 260 $aCalahorra :$bImprenta Fariña,$c1964. 300 $a55 p. ;$c24 cm. 502 $aEstratto da tesi. Universidad Pontificia de Salamanca. Facultad de Teología. 1963. 504 $aBibliografia in nota. 600 04$aGregorius Ariminensis,$cO.E.S.A.,$dm. 1358.$0(OLS)http://pul/subject/15426 710 2 $aUniversidad Pontificia de Salamanca.$bFacultad de Teologia.$kTesi.$0(OLS)http://pul/name/24951 850 $aPUL 852 $aPUL$W1$xDP1 Tesi Univ. Salamanca$y45$mTH UPSA 42$j188704$qTesi$B191873$CPULBib$Z2$F191873 $H25238 $82 941 1 $a16 996 $6245$aDoctrina Gregorii Ariminensis de necessitate gratiae ad actus moraliter bonos$9(OLS)http://pul/title/204240 996 $6260$aCalahorra :$bImprenta Fariña$9(OLS)http://pul/publisher/86558